000 00340nam a22001337a 4500
008 170905b xxu||||| |||| 00| 0 eng d
020 _a9780618382408
041 _aeng
080 _a070
100 _a40
101 _aMED
245 _aLISTERING NOTE TAKING AND SPEAKING ACTOSS THE DISCIPINES
_cSOLOMON.E.V
942 _2udc
_cBK
999 _c26097
_d26097